000 00815nam a2200253 a 4500
001 BRCA_1932
005 20190320203616.0
008 891219s1986 mx-a---##b---f000-0#spa-#
020 _a9683203914 (Obra completa)
040 _aDLC
_cDLC
050 4 _aN6550
_b.H48 1986
245 1 0 _aHistoria del arte mexicano.
250 _a2
260 _aMéxico
_bSEP
_c1986
300 _a16 v.
_bil. (algunas a color)
_c30 cm.
500 _aIncluye índice alfabético (v.16)
500 _aTítulo del lomo : El arte mexicano
504 _aIncluye referencias bibliográficas
505 0 _aContenido : t.1-4. Arte prehispánico. -- t.5-8. Arte colonial. -- t.9-12. Arte del siglo XIX. -- t.13-16. Arte contemporáneo
650 1 4 _aArte mexicano
_92321
740 0 _aArte mexicano
902 _aREF
942 _2lcc
_cB
999 _c1704
_d1704